Matej Bel - významná osobnosť v dejinách geografie na Slovensku
Článok v historicko-spoločenských súvislostiach približuje etapy života a tvorby Mateja Bela, jeho pedagogické koncepcie, prínos k rozvoju geografie, základom regionálno-geografického a vlastivedného výskumu, postaveniu a vyučovaniu geografie.
Uložené v:
| Hlavný autor: | |
|---|---|
| Médium: | Kapitola |
| Jazyk: | Slovak |
| Predmet: | |
| Tagy: |
Žiadne tagy, Buďte prvý, kto otaguje tento záznam!
|
MARC
| LEADER | 00000naa a2200000 4500 | ||
|---|---|---|---|
| 001 | 0214460 | ||
| 005 | 20231208111317.5 | ||
| 041 | 0 | |a slo | |
| 044 | |a SK | ||
| 245 | 1 | 0 | |a Matej Bel - významná osobnosť v dejinách geografie na Slovensku |c Magdaléna Zaťková |
| 520 | |a Článok v historicko-spoločenských súvislostiach približuje etapy života a tvorby Mateja Bela, jeho pedagogické koncepcie, prínos k rozvoju geografie, základom regionálno-geografického a vlastivedného výskumu, postaveniu a vyučovaniu geografie. | ||
| 610 | 2 | 0 | |a geografia |
| 610 | 2 | 0 | |a dejiny |
| 610 | 2 | 0 | |a osobnosť |
| 610 | 2 | 0 | |a Slovensko |
| 100 | 1 | |a Zaťková, Magda | |